000 00253nam a2200097Ia 4500
005 20251222114344.0
008 251222s1900||||xx |||||||||||||| ||spa||
082 _aDVD0121/C72/2002
245 0 _aConcierto Andino (Orquesta sinfónica andina TDV):
942 _cDVD
999 _c970
_d970